| 000 | 00604cam a22002053a 4500 | ||
|---|---|---|---|
| 001 | 44245 | ||
| 003 | PGUSA | ||
| 005 | 20140828084018.0 | ||
| 008 | 131121s2013||||xxu|||||s|||||000 | eng d | ||
| 040 |
_aPGUSA _beng |
||
| 042 | _adc | ||
| 100 | 1 |
_aBaring-Gould, S. _q(Sabine), _d1834-1924 |
|
| 245 | 1 | 0 |
_aHistoric Oddities ; _band, Strange Events _h[electronic resource] / _cS. Baring-Gould |
| 260 |
_bProject Gutenberg, _c2013 |
||
| 506 | _aPublic domain in the USA. | ||
| 516 | _aElectronic text | ||
| 830 | 0 |
_aProject Gutenberg _v44245 |
|
| 856 | 4 | 0 | _uhttp://www.gutenberg.org/ebooks/44245 |
| 942 | _cEB | ||
| 999 |
_c273496 _d273496 |
||